Chi Phi theta series Quiz Stats

 Plays Quiz not verified by Sporcle

Challenge
Share
Tweet
Embed
Score 0/8 Timer 10:00
0 Plays Today
Chapter School % Correct
Zeta ThetaState University of New York, Oneonta
94.5%
Theta ThetaShorter College
92.7%
Nu ThetaThe College of William and Mary
89.1%
Eta ThetaUniversity of Maryland, College Park
80%
Lambda ThetaUniversity of Massachusetts, Dartmouth
76.4%
Epsilon ThetaEast Carolina University
74.5%
Mu Theta University of the Incarnate Word
72.7%
Iota ThetaSchreiner University
61.8%

You're not logged in!

Compare scores with friends on all Sporcle quizzes.
OR
Log In

You Might Also Like...

Show Comments

Extras

Created Nov 17, 2011ReportNominate
Tags:chapter, chi, phi, school, theta

Top Quizzes Today


Score Distribution

Your Account Isn't Verified!

In order to create a playlist on Sporcle, you need to verify the email address you used during registration. Go to your Sporcle Settings to finish the process.

Report this User

Report this user for behavior that violates our Community Guidelines.

Details: